ბათუმის შოთა რუსთაველის სახელმწიფო უნივერსიტეტის ბიბლიოთეკა

ტრადიციული კულტურა და საზოგადოება : (ბიბ.ჩანაწერი № 58380)

000 -ლიდერი
ფიქსირებული სიგრძის საკონტროლო ველი 01644nam a22002537a 4500
003 - საკონტროლო ნომრის იდენტიფიკატორი
საკონტროლო ველი Ge_BSU
005 - ბოლო ოპერაციის თარიღი და დრო
საკონტროლო ველი 20211223114626.0
008 - ფიქსირებული სიგრძის მონაცემთა ელემენტები - ზოგადი ინფორმაცია
ფიქსირებული სიგრძის საკონტროლო ველი 211223s2019 ge ||||| |||| 00| 0 geo d
020 ## - წიგნის საერთაშორისო სტანდარტული ნომერი
International Standard Book Number 9789941485695
041 ## - ენის კოდი
Language code of text/sound track or separate title geo
080 ## - უნივერსალური ათობითი კლასიფიკაციის ინდექსი
Universal Decimal Classification number 323.173(479.22)+392(479.22) მ-54
100 ## - მთავარი ჩანაწერი - პიროვნების სახელი
Personal name მელიქიშვილი, ლია
9 (RLIN) 159
245 ## - ცნობა სათაურის შესახებ
Title ტრადიციული კულტურა და საზოგადოება :
Remainder of title [მონოგრაფია] /
Statement of responsibility, etc ლია მელიქიშვილი ; რედაქტორები: როინ მეტრეველი, დავით მუსხელიშვილი ; კავკასიის ხალხთა საერთაშორისო სამეცნიერო-კვლევითი ინ-ტი.
264 ## - წარმოების, გამოცემის, დისტრიბუციის და სხვა ცნობები
გამოცემის, წარმოების, დისტრიბუციის... ადგილი თბილისი :
გამოცემის, წარმოების, დისტრიბუციის... სახელწოდება მწიგნობარი,
გამოცემის, წარმოების, დისტრიბუციის... თარიღი 2019.
300 ## - ფიზიკური აღწერა
Extent 436 გვ. ;
Other physical details 25 სმ.
504 ## - BIBLIOGRAPHY, ETC. NOTE
Bibliography, etc ბიბლიოგრაფია: გვ. 422-429.
653 ## - INDEX TERM--UNCONTROLLED
Uncontrolled term ეთნიკური უმციროსებები საქართველოში
653 ## - INDEX TERM--UNCONTROLLED
Uncontrolled term ეთნოკონფლიქტები საქართველოში
653 ## - INDEX TERM--UNCONTROLLED
Uncontrolled term საქართველოს ეთნოგრაფია
700 ## - ADDED ENTRY--PERSONAL NAME
Personal name მუსხელიშვილი, დავით
Relator term რედაქტორი
9 (RLIN) 13351
710 ## - ADDED ENTRY--CORPORATE NAME
Corporate name or jurisdiction name as entry element კავკასიის ხალხთა საერთაშორისო სამეცნიერო-კვლევითი ინ-ტი
9 (RLIN) 13352
773 ## - HOST ITEM ENTRY
Title ნაჩუქარი
942 ## - ADDED ENTRY ELEMENTS (KOHA)
Source of classification or shelving scheme
Koha item type წიგნი
ეგზემპლარები
ჩამოწერის სტატუსი დაკარგული ეგზემპლარის სტატუსი კლასიფიკაციის წყარო ან თაროზე გაწყობის სქემა დაზიანების სტატუსი არ გაიცემა მუდმივი მდებარეობა (დაცვის ადგილი) ამჟამინდელი ადგილსამყოფელი თაროზე განთავსების ადგილი შეძენის თარიღი ღირებულება, შესყიდვის ნორმალური ფასი სრული შენახვის შიფრი შტრიხკოდი ბოლო ოპერაციის თარიღი ეგზემპლარის მიმდევრობითი ნომერი (კეტერი?) ფასის ძალაში შესვლის თარიღი ეგზემპლარის სახეობა საჯარო შენიშვნა
          ბათუმის შოთა რუსთაველის სახელმწიფო უნივერსიტეტის მთავარი ბიბლიოთეკა ბათუმის შოთა რუსთაველის სახელმწიფო უნივერსიტეტის მთავარი ბიბლიოთეკა წიგნსაცავი 2021-12-23 15.00 323.173(479.22)+392(479.22) მ-54 62093 2021-12-23 62093 2021-12-23 წიგნი 15 ლ.